00345nam a2200121Ia 4500008004100000040001500041041001200056082002000068100001900088245007100107260003400178300001100212230917s9999||||xx |||||||||||||| ||und|| e9339aMAIN aEnglish a301.412094 S35F aSteiner, Shari 0aFemale factor: A study of women in five Western European societies aNew YorkbG.P. Putnam'sc1977 a328 p.